|
|
|
|
| LEADER |
01205nab#a2200397#ar4500 |
| 001 |
000090476 |
| 003 |
SVKKK |
| 005 |
20080718134540.0 |
| 008 |
080509c2007 xo |||||||||||||||b|eng |
| FMT |
|
|
|
| 015 |
|
|
|a SNBRB2008/07
|
| 038 |
|
|
|a SVKKK
|
| 040 |
|
|
|a SVKKK
|b slo
|e AACR2
|
| 041 |
0 |
|
|a eng
|b eng
|
| 044 |
|
|
|a xo
|c SK
|
| 080 |
|
|
|a 669.15-138
|2 1997
|
| 080 |
|
|
|a 621.762
|2 1997
|
| 100 |
1 |
|
|a Liersch, Antje
|4 aut
|
| 242 |
1 |
0 |
|a Úloha prímesi hexagonálneho nitridu bóru v spekaných oceliach
|b 3. nitrid bóru v rozlične spekaných legovaných oceliach
|
| 245 |
1 |
4 |
|a The role of admixed hexagonal boron nitride in sintered steels
|b 3. hBn in differently sintered alloy steels
|c A. Liersch, H. Danninger, R. Ratzi
|
| 300 |
|
|
|b Obr., tab.
|
| 504 |
|
|
|a Bibliogr. odkazy
|
| 546 |
|
|
|a Res. angl.
|
| 650 |
0 |
4 |
|a spekané ocele
|x nitrid bóru
|
| 650 |
0 |
4 |
|a legované ocele
|x spekanie
|
| 650 |
0 |
4 |
|a obrobiteľnosť
|
| 700 |
1 |
|
|a Danninger, Herbert
|4 aut
|
| 700 |
1 |
|
|a Ratzi, Raimund
|4 aut
|
| 773 |
0 |
|
|t Powder metallurgy progress
|g Roč. 7, č. 3 (2007), s. 149-163
|x 1335-8987
|
| 958 |
|
|
|a NB
|
| 974 |
|
|
|a Ni
|
| 992 |
|
|
|a RBX
|
| BAS |
|
|
|
| 852 |
|
|
|a SVKKK
|b BIB
|
| EXP |
|
|
|
| 998 |
|
|
|a HUT
|